| 000 | 00450cam a22001217a 4500 | ||
|---|---|---|---|
| 008 | 180718b1970 xxu||||| |||| 00| 0 eng d | ||
| 082 | _aA81x54 In2/71/8S | ||
| 100 | _aCensus of India 1971 | ||
| 245 | _aJammu and Kashmir: a pilot town of Sopore (tehsil Sopore, district Baramulla), field investigation and draft | ||
| 260 |
_aDelhi _bThe Manager of Publications _c1970 |
||
| 300 | _a157+p. | ||
| 440 | _aCensus of India 1971. Series-8, Jammu and Kashmir | ||
| 999 |
_c485091 _d485091 |
||